Estudio a nivel de prefactibilidad de la disposición de aguas negras en Ciudad Quesada

Guardat en:
Dades bibliogràfiques
Autor principal: López Mora, Carlos Guillermo
Format: Llibre
Publicat: San José, Costa Rica 1988
Matèries:
Etiquetes: Afegir etiqueta
Sense etiquetes, Sigues el primer a etiquetar aquest registre!

MARC

LEADER 00000nam a2200000Ia 4500
003 004662
005 20221231144343.0
008 140114s1988 cr a m 000 ||s d
040 |c cru CEDI 
090 |a TFG 2141 
100 |a López Mora, Carlos Guillermo  |9 13568 
245 |a Estudio a nivel de prefactibilidad de la disposición de aguas negras en Ciudad Quesada 
260 |c 1988  |a San José, Costa Rica 
300 |a  [119] hojas : ilustraciones (algunas plegables) ; 28 cm  
500 |a  Proyecto de graduación (licenciatura en ingeniería civil)--Universidad de Costa Rica. Facultad de Ingeniería. Escuela de Ingeniería Civil 
650 |x AGUAS RESIDUALES  |9 13569 
942 |c TFG 
999 |c 20622  |d 20622